Word Chain From Mali to Albania - Statistics

General Stats
  • This quiz has been taken 223 times
  • The average score is 21 of 25
Answer Stats
Definition Word % Correct
The first letter of the Greek alphabet. Alpha
97%
A citizen of Israel. Israeli
94%
Having a consistency like that of water or oil. Not solid. Liquid
93%
The Roman goddess of beauty and love, or the second planet from the sun. Venus
93%
A flower OR the flat, colored, ring-shaped membrane behind the cornea of the eye. Iris
92%
An organized group of singers. Choir
91%
An uncomfortable sensation on the skin that causes a desire to scratch. Itch
90%
The opposite of South. North
90%
A small Mediterranean fruit with a hard pit and bitter flesh, used as food and as a source of oil. Olive
90%
A person or thing that is greatly admired, loved, or revered. Idol
89%
A book of maps or charts. Atlas
88%
To rub out or remove. Erase
87%
A person who shows people to their seats, especially in a theater or at a wedding. Usher
86%
A person or animal having a congenital absence of pigment in the skin and hair. Albino
85%
An addictive practice, especially one of taking drugs. Habit
84%
Something not known or seen or not meant to be known or seen by others. Secret
83%
Sufficient to cause death. Lethal
82%
A hanging, tapering piece of ice formed by the freezing of dripping water. Icicle
81%
A respiratory condition marked by spasms in the bronchi of the lungs, causing difficulty in breathing. Asthma
80%
The front part of a person's or animal's neck. Throat
79%
A warm-blooded vertebrate animal possessing hair/fur, and mammary glands. Mammal
78%
Relating to or affecting cattle. Bovine
76%
An uncertain period of awaiting a decision or resolution. Limbo
74%
Relating to a nerve or the nervous system. Neural
68%
Characteristic of, or belonging to, a non-Western cultural tradition. Ethnic
62%
No matching quizzes found
Score Distribution
Percent of People with Each Score
Percentile by Number Answered
Your Score History
You have not taken this quiz